The messages of Israel's lawgivers. (Record no. 33)

000 -LEADER
fixed length control field 00755nam a2200205 a 4500
001 - CONTROL NUMBER
control field :::00013183$&:&@@
003 - CONTROL NUMBER IDENTIFIER
control field OkBaRHE
005 - DATE AND TIME OF LATEST TRANSACTION
control field 20100304162336.0
008 - FIXED-LENGTH DATA ELEMENTS--GENERAL INFORMATION
fixed length control field s1902 j 000 0 eng u
040 ## - CATALOGING SOURCE
Transcribing agency
100 1# - MAIN ENTRY--PERSONAL NAME
Personal name Kent, Charles Foster.
245 14 - TITLE STATEMENT
Title The messages of Israel's lawgivers.
Statement of responsibility, etc The laws of the Old Testament codified, arranged in order of growth, and freely rendered in paraphrase.
260 ## - PUBLICATION, DISTRIBUTION, ETC. (IMPRINT)
Place of publication, distribution, etc New York, NY., :
Name of publisher, distributor, etc Charles Scribner's Sons
Date of publication, distribution, etc 1902
300 ## - PHYSICAL DESCRIPTION
Extent 386 p. ;
Dimensions 17 cm.
490 0# - SERIES STATEMENT
Series statement The messages of the Bible.
650 ## - SUBJECT ADDED ENTRY--TOPICAL TERM
Topical term or geographic name as entry element Jewish Law
General subdivision History
650 ## - SUBJECT ADDED ENTRY--TOPICAL TERM
Topical term or geographic name as entry element Law
General subdivision Near East
-- History and Criticism
942 ## - ADDED ENTRY ELEMENTS (KOHA)
Source of classification or shelving scheme
Koha item type Books
Copies
Date last seen Not for loan Barcode Copy number Permanent Location Source of classification or shelving scheme Koha item type Collection code Shelving location Full call number Price effective from Damaged status Lost status Date acquired Withdrawn status
2010-04-14 131831RHEMA Bible Training College BooksReferenceGeneral StacksBM 520 .K382010-04-14  2010-04-14